00424 2200169 4500001002100000005001700021035002500038090001400063100001700077245004100094250001100135260004000146300002100186650002300207850001200230990001200242YOGYA00000000005633820150316100150.0 a0010-081400000056056 a813 Ham J aP. Hamburger aJ.P. Marquand, EsquirecP. Hamburger aCet. 1 aNew YorkbThe Bobbs - Merrillc1963 a113 hlm.b23 cm. aFiksi - Terjemahan aYOPDYOG a10970-A